[Event "Seattle Open"]
[Site "?"]
[Date "1973.05.19"]
[Round "1"]
[White "Bloch, K."]
[Black "Bailey, B."]
[Result "0-1"]
[WhiteElo "1499"]
[BlackElo "1994"]
[Annotator "Stockfish 14 (15s)"]
[PlyCount "96"]
[EventDate "1973.??.??"]

{D02: 1 d4 d5 2 Nf3 sidelines, including 2...Nf6 3 g3 and 2...Nf6 3 Bf4} 1. d4
d5 2. Bf4 Bf5 3. Nf3 Nf6 4. e3 e6 5. Bd3 Be7 (5... Bg4 6. Nbd2 Be7 7. c3 Nbd7
8. Qb3 Qc8 9. c4 O-O 10. Ne5 Nxe5 11. Bxe5 Nd7 12. Bf4 c6 13. O-O Bh5 14. e4
Bg6 15. cxd5 exd5 16. exd5 Bxd3 17. Qxd3 cxd5 18. Rac1 Qd8 19. Bc7 Qe8 20. Rfe1
{Augustin,J (2385)-Brychta,I (2330) Brno 1990 1-0 (32)}) 6. Bxf5 exf5 7. h3
$146 (7. Qd3 Qc8 8. c4 (8. O-O g6 9. Nbd2 Nbd7 10. c4 c6 11. Rac1 O-O 12. Bg5
Re8 13. Rfe1 dxc4 14. Nxc4 Nd5 15. e4 fxe4 16. Rxe4 Bxg5 17. Nxg5 Rxe4 18. Qxe4
N7f6 19. Qh4 Qc7 20. Ne5 Rf8 21. Qh6 Qa5 22. a3 Qd2 {
Boguszlavszkij,J (2247)-Kincs,I (2283) Hungary 2003 0-1}) 8... O-O 9. O-O c6
10. Nc3 dxc4 11. Qxc4 Nbd7 12. Qd3 Nb6 13. Nh4 g6 14. Nf3 Nbd5 15. Bh6 Re8 16.
a3 Bd6 17. Rac1 Qd7 18. Nxd5 Nxd5 19. Rfe1 Re4 20. h3 f6 21. g3 Rae8 {
Virag,A (2050)-Repasi,Z (2213) Fuzesabony 2002 1-0 (39)}) (7. O-O Bd6 8. Bxd6
Qxd6 9. Qd3 f4 10. Nc3 Qa6 11. Qxa6 bxa6 12. Ne5 fxe3 13. fxe3 Ne4 14. Nxe4
dxe4 15. Nxf7 Rf8 16. Ne5 Rxf1+ 17. Rxf1 Nd7 18. Nxd7 Kxd7 {
1/2-1/2 (18) Fey,J-Raquet,R Wallertheim 1994}) 7... Nbd7 8. Qd3 Ne4 $2 (8... g6
9. O-O $11) 9. Nbd2 (9. Qb5 $142 g5 10. Bh2 $16) 9... c6 10. Nb3 (10. g4 O-O
$11) 10... h6 11. a3 a5 12. a4 Bh4 (12... O-O $142 $5 $15) 13. Nxh4 $14 Qxh4
14. Qe2 (14. O-O $5 g5 15. Bg3 $14) 14... Qe7 15. c3 Nf8 16. O-O (16. f3 Nd6
$14) 16... Ng6 $11 17. Bh2 O-O 18. Rfe1 Rfe8 19. Qc2 Qg5 20. Re2 $2 (20. f3
$142 Nf6 21. Qf2 $11) 20... Nh4 $19 21. Bg3 $4 (21. f4 $142 Qg6 22. Kh1 $19)
21... Nxg3 22. fxg3 Qxg3 23. Rf1 (23. Nd2 Rxe3 24. Nf1 Rxe2 25. Qxe2 Qg5 $19)
23... Rxe3 (23... Re7 $142 24. Rff2 Rae8 $19) 24. Nc1 (24. Rxe3 Qxe3+ 25. Qf2
$19) 24... Rae8 25. Ref2 Re1 26. Nd3 (26. Qd2 Rxf1+ 27. Rxf1 g5 $19) 26...
Rxf1+ 27. Rxf1 Nxg2 $1 28. Qxg2 (28. Qxg2 Qe3+ {Double attack} (28... Qxd3 {
Overloading Deflection})) (28. -- $140 Ne3+ {Mate threat}) 28... Qxd3 29. Kh2 (
29. Qf3 Qxf3 30. Rxf3 Re1+ 31. Kf2 Rb1 $19) 29... Re2 30. Rf2 Rxf2 31. Qxf2 Qe4
32. h4 f4 33. h5 f3 34. Kg3 g5 35. Qxf3 f5 36. Kg2 Kf7 37. Kg3 Qxf3+ 38. Kxf3
Kf6 (38... f4 39. b3 Ke6 40. Kg4 b5 41. axb5 cxb5 42. c4 dxc4 43. bxc4 bxc4 44.
d5+ Kxd5 45. Kf5 c3 46. Kf6 c2 47. Kf7 c1=Q 48. Ke7 f3 49. Kf7 f2 50. Kg8 f1=Q
51. Kg7 Qcf4 52. Kh8 Qf8+ 53. Kh7 Q1f5#) 39. Kg3 f4+ 40. Kg4 Ke6 41. b3 b6 42.
b4 (42. c4 c5 43. dxc5 bxc5 44. cxd5+ Kxd5 45. Kf3 Kd4 46. Ke2 g4 47. Kf2 Kd3
48. Ke1 g3 49. Kf1 Ke3 50. Kg1 f3 51. Kf1 Kd2 52. Kg1 Ke2 53. b4 cxb4 54. Kh1
b3 55. Kg1 b2 56. Kh1 b1=Q#) 42... Kf6 43. bxa5 (43. Kf3 Kf5 44. Ke2 Ke4 45.
Kd2 g4 46. c4 dxc4 47. b5 cxb5 48. d5 Kxd5 49. axb5 a4 50. Kc1 g3 51. Kb1 f3
52. Ka1 f2 53. Kb1 f1=Q+ 54. Kc2 Qf2+ 55. Kb1 g2 56. Ka1 g1=Q#) 43... bxa5 44.
Kf3 (44. Kh3 Kf5 45. Kg2 Ke4 46. c4 dxc4 47. Kf2 g4 48. d5 cxd5 49. Ke1 Kd3 50.
Kf2 c3 51. Kg2 Ke3 52. Kf1 f3 53. Kg1 g3 54. Kf1 c2 55. Ke1 c1=Q#) 44... Kf5
45. Ke2 (45. Kf2 g4 46. c4 dxc4 47. d5 cxd5 48. Ke1 Ke4 49. Kd1 g3 50. Kc1 Kd3
51. Kb1 g2 52. Ka2 g1=Q 53. Kb2 Qb6+ 54. Ka1 Kc2 55. Ka2 Qb2#) 45... Ke4 46.
Kd2 (46. c4 dxc4 47. d5 cxd5 48. Kd1 Kd3 49. Ke1 g4 50. Kf1 g3 51. Kg2 Ke2 52.
Kh3 Kf3 53. Kh4 g2 54. Kh3 g1=Q 55. Kh4 Qg3#) 46... f3 (46... g4 47. c4 g3 48.
Ke2 dxc4 49. d5 cxd5 50. Kd2 g2 51. Kc3 g1=Q 52. Kc2 Ke3 53. Kb2 Kd3 54. Ka2
Kc3 55. Ka3 Qa1#) 47. Ke1 (47. c4 dxc4 48. Kc3 f2 49. Kxc4 g4 50. d5 f1=Q+ 51.
Kc5 g3 52. d6 g2 53. d7 g1=Q+ 54. Kd6 Qf8+ 55. Kc7 Qa7+ 56. Kxc6 Qfc5#) 47...
Ke3 48. Kf1 (48. Kd1 f2 49. Kc2 f1=Q 50. Kb2 Kd3 51. c4 dxc4 52. d5 c3+ 53. Kb3
Qb1+ 54. Ka3 Qb2#) 48... f2 (48... f2 49. c4 dxc4 50. Kg2 Ke2 51. d5 f1=Q+ 52.
Kg3 Qg1+ 53. Kh3 Kf3 54. d6 Qg2#) 0-1

[Event "Seattle Open"]
[Site "?"]
[Date "1973.05.19"]
[Round "2"]
[White "Bailey, B."]
[Black "Gentala, C."]
[Result "1-0"]
[WhiteElo "1994"]
[BlackElo "1744"]
[Annotator "Stockfish 14 (15s)"]
[PlyCount "79"]
[EventDate "1973.??.??"]

{B19: Classical Caro-Kann: 4...Bf5 main line} 1. e4 c6 2. d4 d5 3. Nc3 dxe4 4.
Nxe4 Bf5 5. Ng3 Bg6 6. Nf3 Nd7 7. h4 h6 8. h5 Bh7 9. Bc4 Qc7 10. Qe2 e6 11. Ne5
Nb6 $146 (11... Nxe5 12. dxe5 Bc5 (12... Ne7 13. O-O Nd5 14. Re1 O-O-O 15. a3
Bc5 16. Ne4 Be7 17. Bxd5 cxd5 18. Nc3 d4 19. Nb5 Qb6 20. a4 a6 21. Na3 Qc6 22.
Bd2 Kb8 23. b4 Qd5 24. c4 dxc3 25. Bxc3 Qb3 26. Qf3 Rhf8 27. Re3 {
Fuchs,G (2210)-Asrian,K (2380) Menorca 1996 0-1 (42)}) (12... O-O-O 13. Bb3 Bc5
14. Bd2 Bd4 15. f4 Bxb2 16. Rb1 Bd4 17. Ne4 Bxe4 18. Qxe4 Ne7 19. Rh3 Bb6 20.
c3 Rd7 21. g4 Rhd8 22. Rb2 Re8 23. Bc4 Nd5 24. Be2 Red8 25. Rf3 Ne7 26. Bc4 Bc5
27. Rd3 {Malecki,R (2161)-Leks,M Wroclaw 2005 1/2-1/2 (35)}) 13. O-O O-O-O 14.
a4 Ne7 15. c3 Nd5 16. Re1 Rhe8 17. Qf3 Rd7 18. b4 Bf8 19. a5 a6 20. Bf1 Qd8 21.
Be3 Nxe3 22. Qxe3 Kb8 23. Qf3 Qc7 24. Ne4 Bxe4 25. Qxe4 Red8 26. Rab1 {
Charpentier,W (2246)-Villegas Loaiza,M San Jose 2000 1/2-1/2 (73)}) (11... Nxe5
12. dxe5 Bc5 13. Bf4 $11) 12. Bb3 (12. Bd3 Bxd3 13. Nxd3 Nf6 $14) 12... Bd6 (
12... Nf6 13. Bf4 Bb4+ 14. c3 $11) 13. Bf4 $14 Nd5 14. Bxd5 cxd5 (14... exd5 $4
15. Nc4+ Kd7 16. Nxd6 $18) 15. Qb5+ (15. Qg4 $142 $5 Bf8 16. O-O $14) 15... Ke7
$15 16. O-O Nf6 17. Rac1 a6 18. Qe2 b5 19. Rfe1 Rhd8 20. a4 Qb6 (20... Kf8 21.
Qf3 Be4 22. Nxe4 dxe4 23. Qe2 $11) 21. axb5 axb5 22. Ra1 Rxa1 23. Rxa1 Rc8 24.
c3 Bxe5 $2 (24... Kf8 $142 $11) 25. dxe5 $16 (25. Qxe5 $6 Rc4 $11) 25... Nd7
26. Be3 Qc6 (26... Qb8 27. Bd4 b4 28. Qa6 bxc3 29. Bxc3 $16 (29. bxc3 $6 Kf8
$11)) 27. Bd4 (27. Ra7 Kf8 $16) 27... Qc4 (27... Nc5 28. Ra3 $16) 28. Qg4 (28.
b4 $5 Qxe2 29. Nxe2 Bc2 $18) 28... Kf8 $16 29. Ra7 Rc7 (29... Qc6 30. Qe2 Nc5
31. Qf3 $16) 30. Ra6 (30. Qh4 Ke8 31. Ra5 Qc6 $18) 30... Rb7 (30... b4 31. Ra4
Rb7 32. cxb4 $16) 31. Qh4 (31. b4 Kg8 $18) 31... Qc8 $16 32. f4 (32. b4 Rb8 33.
Rd6 Ra8 $16) 32... Rc7 $2 (32... b4 $142 $5 $11) 33. Rd6 Ke8 $4 (33... Qe8 $142
$16) 34. Qg4 $18 Kf8 35. f5 exf5 36. Nxf5 Bxf5 37. Qxf5 Qe8 (37... Ke7 38. Qg4
Nxe5 39. Qxc8 Rxc8 40. Bxe5 f6 $18) 38. e6 Nf6 39. Bxf6 gxf6 40. Qxf6 (40. Qxf6
Rc8 41. Rd7 Qxd7 42. exd7 Ra8 43. g4 b4 44. g5 b3 45. gxh6 Ra1+ 46. Kg2 Rg1+
47. Kxg1 d4 48. d8=Q#) 1-0

[Event "Seattle Open"]
[Site "?"]
[Date "1973.05.19"]
[Round "3"]
[White "Bailey, B."]
[Black "Salmon, N."]
[Result "1-0"]
[WhiteElo "1994"]
[BlackElo "2049"]
[Annotator "Stockfish 14 (15s)"]
[PlyCount "139"]
[EventDate "1973.??.??"]

{B09: Pirc Defence: Austrian Attack} 1. e4 g6 2. d4 Bg7 3. f4 d6 4. Nf3 c5 5.
Nc3 Nf6 6. dxc5 Qa5 7. Bd3 Qxc5 8. Qe2 O-O 9. Qe3 (9. Bd2 Nc6 10. h3 Nh5 11.
Qf2 Qxf2+ 12. Kxf2 Bh6 13. Nd5 e6 14. g4 exd5 15. gxh5 dxe4 16. Bxe4 Be6 17.
Rhe1 Rfe8 18. hxg6 hxg6 19. Kg3 Bg7 20. c3 Ne7 21. Nd4 Bxd4 22. cxd4 Bd5 23.
Bd3 f5 {Smejkal,J (2545)-Benko,P (2515) Lugano 1968 1/2-1/2 (41)}) 9... Qa5
$146 (9... Qxe3+ 10. Bxe3 Nc6 11. O-O Ng4 12. Bd2 Nd4 13. Rae1 Nxf3+ 14. gxf3
Nh6 15. e5 Nf5 16. Nd5 Be6 17. Nc7 Rac8 18. Nxe6 fxe6 19. exd6 exd6 20. Rxe6
Bxb2 21. Rb1 Bd4+ 22. Kg2 b6 23. Bxf5 Rxf5 24. Rxd6 {
Sassenberg,R-Stahl,T Stockholm 1994 0-1}) (9... Na6 10. Bxa6 Qxe3+ 11. Bxe3
bxa6 12. O-O Bb7 13. e5 Ng4 14. Bd4 Bxf3 15. gxf3 dxe5 16. fxe5 Nxe5 17. Bc5
Rfc8 18. Bxe7 Nc4 19. Nd5 Bxb2 20. Rab1 Bd4+ 21. Kg2 Nd2 22. Rb4 Rxc2 23. Rd1
Nc4+ 24. Kh3 {Ambrose,A (1930)-Dickson,G (2137) Telford 2005 0-1 (41)}) (9...
Nbd7 $5 $11) 10. Bd2 Nc6 11. h3 a6 12. O-O e6 13. Ne2 Qc7 14. Bc3 (14. c4 $5
$14) 14... b5 $11 15. a3 Qa7 16. Qf2 Qxf2+ 17. Rxf2 Bb7 18. Ng3 {
White prepares the advance f5} Nd7 19. Bxg7 Kxg7 20. Rd2 Nb6 21. f5 Na5 (21...
Kf6 22. Rad1 $11) 22. b3 d5 (22... Rae8 23. Ng5 $14) 23. fxe6 fxe6 24. Re1 Rfe8
(24... Nc6 25. Rde2 $16) 25. Rde2 Rad8 (25... Re7 $142 $5 $16) 26. exd5 $18
Bxd5 27. Ng5 (27. Be4 Rc8 28. Ng5 Kg8 $18) 27... Rd6 $2 (27... e5 $142 $14) 28.
Be4 $18 Rc8 (28... Nc6 29. Bxd5 Rxd5 30. Nxe6+ Kg8 31. Kh2 $18) 29. Bxd5 exd5 (
29... Nxd5 30. Nxe6+ Kg8 $18) 30. Re7+ Kg8 31. Rxh7 Rd7 (31... Nc6 32. Rb7 Nd7
33. Rd1 $18) 32. Rxd7 (32. Rh6 $142 Kg7 33. Rh4 Rxc2 34. Ne6+ Kf7 35. Rf4+ Ke8
36. Nd4+ Re7 37. Nxc2 Nxb3 $18) 32... Nxd7 33. Re2 (33. Re6 $142 Rc6 34. Ne2
Nf8 35. Rxc6 Nxc6 $18) 33... Nc6 34. Rd2 Nce5 (34... Ne7 35. Ne2 Kg7 36. Nf4
$18) 35. Ne2 Nf6 (35... Nf7 36. Nxf7 Kxf7 37. Rxd5 $18) 36. Nf4 Nf7 (36... d4
37. Re2 Nf7 38. Nf3 $18) 37. Nxg6 Re8 38. Nxf7 Kxf7 39. Nf4 Re1+ (39... Rd8 40.
Kh2 $18) 40. Kh2 Ra1 41. Nxd5 Ne4 (41... Ng8 42. Rf2+ Kg7 43. Kg3 $18) 42. Rd4
Nc5 (42... Ng5 43. a4 $18) 43. b4 Ne6 44. Rd3 Ra2 45. Rf3+ Kg7 46. Rf6 Nd4 (
46... Ng5 47. Rxa6 Rxc2 48. Kg3 $18) 47. c3 Nc2 (47... Nb3 48. Rxa6 Nd2 49. Kg3
$18) 48. Rf2 Nxb4 49. Rxa2 Nxa2 50. g4 a5 (50... Nc1 51. Kg3 $18) 51. Kg3 Nc1
52. Kf3 Nd3 53. Nc7 b4 (53... Kf6 54. Ke3 Ne5 55. Nxb5 Ke6 $18) 54. cxb4 axb4
55. axb4 Nxb4 56. Kf4 Nd3+ 57. Kf5 Nf2 58. h4 Nh1 59. Ne6+ Kh7 60. Kf6 Ng3 61.
Ng5+ Kg8 62. h5 Nf1 63. Ne4 Ne3 64. g5 Ng4+ 65. Ke6 Ne3 66. Nf6+ Kh8 67. Kf7
Nf5 68. g6 Nh6+ 69. Kf8 Nf5 70. h6 $1 1-0

[Event "Seattle Open"]
[Site "?"]
[Date "1973.05.20"]
[Round "4"]
[White "Gentala, W."]
[Black "Bailey, B."]
[Result "0-1"]
[WhiteElo "2016"]
[BlackElo "1994"]
[Annotator "Stockfish 14 (15s)"]
[PlyCount "74"]
[EventDate "1973.??.??"]

{C51: Evans Gambit: Declined and Accepted without 5...Ba5} 1. e4 e5 2. Nf3 Nc6
3. Bc4 Bc5 4. b4 Bxb4 5. c3 Be7 6. d4 d6 7. O-O Nf6 8. Qc2 $146 (8. dxe5 dxe5
9. Qb3 O-O 10. Rd1 Qe8 11. Bb5 Bg4 12. Nbd2 Rd8 13. Ba3 Bxa3 14. Qxa3 a6 15.
Bxc6 Qxc6 16. Nxe5 Qe6 17. Nxg4 Nxg4 18. h3 Ne5 19. Qb4 b6 20. Nb3 Qf6 21. Rf1
Qf4 22. Qa4 Rd6 {Souza,M (2169)-Andrade,L Rio de Janeiro 1999 1-0}) (8. Re1 O-O
9. Bb5 Bg4 10. Bxc6 bxc6 11. h3 Bxf3 12. Qxf3 exd4 13. cxd4 d5 14. Nd2 Bb4 15.
e5 Bxd2 16. Bxd2 Ne4 17. Bb4 Re8 18. Rac1 Re6 19. Qf4 Rg6 20. f3 Ng3 21. Kh2
Qd7 22. Re3 Rb8 {Jiroveanu,G (2225)-Morar,O (2050) Deva 1998 0-1 (35)}) (8. Ng5
O-O 9. Qb3 Qe8 10. Qc2 exd4 11. f4 h6 12. Nf3 dxc3 13. Nxc3 a6 14. e5 dxe5 15.
fxe5 Ng4 16. Kh1 Ngxe5 17. Nxe5 Nxe5 18. Bb3 b5 19. Bf4 Bd6 20. Rae1 Bb7 21.
Ne4 Qc6 22. Qd2 Rfe8 {Vitova,J-Kavallari,H Eretria 2005 1-0 (31)}) (8. Qb3 O-O
9. Re1 Na5 10. Qa4 b6 11. Bd3 Bg4 12. Nbd2 b5 13. Qc2 Qd7 14. Ba3 Rab8 15. Rab1
a6 16. Re3 Rfe8 {1/2-1/2 (16) Tyle,J-Toman,J Svetla nad Sazavou 1998}) 8... O-O
9. Rd1 (9. Re1 Rb8 $17) 9... exd4 10. cxd4 d5 11. exd5 Nxd5 12. Nc3 Ncb4 13.
Qb2 (13. Qb3 Nxc3 14. Qxc3 Nd5 $17) 13... Nxc3 (13... Bg4 14. Nxd5 Nxd5 15. Be2
$19) 14. Qxc3 $17 Nd5 15. Qb3 c6 16. Bxd5 (16. Re1 $142 $5 Bb4 17. Re5 $17)
16... Qxd5 $19 (16... cxd5 $6 17. Bf4 $17) 17. Qxd5 cxd5 18. Bf4 $2 (18. a4 Re8
19. a5 Bf5 $19) 18... Bg4 (18... Bf5 19. a4 $19) 19. Re1 (19. Rdb1 b6 20. Ne5
Bf5 $19) 19... Bb4 (19... Rfe8 $142 20. Ne5 Bf5 $19) 20. Re5 $4 (20. Re3 $142
Bxf3 21. Rb1 $17) 20... Bxf3 $19 21. gxf3 Bd6 22. Rf5 Bxf4 23. Rxf4 f5 24. Rh4
Rac8 25. Re1 (25. f4 Rc4 26. Rd1 Re8 $19) 25... Rfe8 26. Re5 (26. Rb1 Re7 27.
a4 Rc4 $19) 26... Rxe5 27. dxe5 Rc4 28. f4 (28. Rh3 d4 29. Kf1 b5 $19) 28... d4
29. Rh3 (29. Kf1 b5 $19) 29... Rc3 30. Rg3 d3 31. Kg2 d2 32. Rxc3 d1=Q 33. Rc7
(33. h3 Qd4 34. Rc8+ Kf7 35. Rc7+ Kg6 $19) 33... Qg4+ 34. Kf1 Qxf4 35. Rxb7 (
35. h3 $19) 35... Qc1+ (35... Qc4+ 36. Kg1 Qc1+ 37. Kg2 Qc6+ 38. f3 Qxb7 39.
Kg3 Qb4 40. h4 f4+ 41. Kf2 Qd2+ 42. Kf1 Kf7 43. a3 Ke6 44. h5 Kxe5 45. Kg1 Kd4
46. h6 gxh6 47. a4 Ke3 48. a5 Kxf3 49. a6 Qg2#) 36. Ke2 (36. Kg2 Qc6+ 37. f3
Qxb7 38. Kg3 Qb4 39. a3 Qe1+ 40. Kg2 f4 41. e6 Qe2+ 42. Kg1 Qxf3 43. e7 Kf7 44.
h3 Kxe7 45. a4 Qe2 46. h4 f3 47. a5 Qg2#) 36... Qc4+ 37. Kd2 Qd5+ (37... Qd5+
38. Ke2 Qxb7 39. h4 f4 40. e6 Qe4+ 41. Kd2 f3 42. Kc3 Qe1+ 43. Kd3 Qxf2 44. e7
Qe2+ 45. Kd4 Qxe7 46. a3 f2 47. a4 f1=Q 48. a5 Qd6+ 49. Kc3 Qfd3+ 50. Kb2 Q6a3#
) 0-1

[Event "Seattle Open"]
[Site "?"]
[Date "1973.05.20"]
[Round "5"]
[White "Bailey, B."]
[Black "Eggers, P."]
[Result "1-0"]
[WhiteElo "1994"]
[BlackElo "1987"]
[Annotator "Stockfish 14 (15s)"]
[PlyCount "75"]
[EventDate "1973.??.??"]

{B43: Sicilian: Kan Variation: 5 Nc3} 1. e4 c5 2. Nf3 Nc6 3. d4 cxd4 4. Nxd4
Qb6 5. Nb3 Nf6 6. Nc3 e6 7. a3 Be7 8. Bf4 O-O 9. Bd3 d6 10. O-O a6 11. Be3 Qc7
12. f4 b5 13. g4 {White intends f5} Nd7 $146 (13... b4 14. axb4 Nxb4 15. g5 Nd7
16. Rf3 Bb7 17. Na5 Nxd3 18. cxd3 Rfb8 19. Rh3 Bc8 20. Qh5 Nf8 21. Nc4 d5 22.
exd5 exd5 23. Nxd5 Qd8 24. Nxe7+ Qxe7 25. Rg3 Rb3 26. Qd1 Rab8 27. Na5 Rxb2 28.
Nc6 {Kagan,S (2380)-Ravia,M (2373) Israel 1999 0-1 (39)}) 14. g5 Rd8 (14... Nc5
15. Ne2 $11) 15. f5 (15. Qe1 $5 Nc5 16. Qf2 Nxd3 17. cxd3 $11) 15... Nde5 $15
16. f6 (16. Qe2 Rb8 $17) 16... Bf8 $17 17. Qe2 Nc4 (17... g6 $142 $5 $17) 18.
Bxc4 $11 bxc4 19. Qxc4 d5 20. exd5 exd5 21. Nxd5 Qb7 $4 (21... Qe5 $142 22.
fxg7 Bxg7 23. Nf6+ Bxf6 $14) 22. fxg7 $18 Bxg7 23. Qxc6 $4 (23. Nc5 $142 Qxb2
24. g6 $18) 23... Qxc6 $4 (23... Rxd5 $142 24. Qxb7 Bxb7 $11) 24. Ne7+ $18 Kh8
25. Nxc6 Rd6 26. Rad1 Rxd1 27. Rxd1 Bxb2 (27... Bf5 28. Rd2 h6 $18) 28. Rd8+
Kg7 29. Bd4+ Bxd4+ 30. Nbxd4 Bb7 (30... Kg6 31. Ne7+ Kxg5 32. Nxc8 $18) 31.
Rxa8 Bxa8 32. Kf2 Kg6 33. h4 f6 34. gxf6 Kxf6 35. c4 h5 36. c5 Bb7 37. Na7 Ke5
38. c6 (38. c6 Ba8 39. Ke3 $18) 1-0

[Event "J K Gill Northgate Open"]
[Site "?"]
[Date "1973.06.02"]
[Round "1"]
[White "Bailey, B."]
[Black "Williams, D."]
[Result "1-0"]
[WhiteElo "2058"]
[BlackElo "1977"]
[Annotator "Stockfish 14 (15s)"]
[PlyCount "59"]
[EventDate "1973.??.??"]

{B59: Classical Sicilian: 6 Be2 e5 7 Nb3} 1. e4 c5 2. Nf3 Nc6 3. d4 cxd4 4.
Nxd4 Nf6 5. Nc3 d6 6. Be2 e5 7. Nb3 Be7 8. O-O O-O 9. Bg5 Nxe4 10. Nxe4 Bxg5
11. Nxd6 Be7 (11... Qe7 12. Bc4 Kh8 13. c3 e4 14. Re1 f5 15. Qd5 Ne5 16. Nxe4
fxe4 17. Rxe4 Nf3+ 18. gxf3 Qf6 19. Nd4 Bh3 20. Bf1 Rad8 21. Qe5 Qg6 22. Qg3
Bf5 23. Re5 Bf4 24. Qxg6 Bxg6 25. Re7 Rf7 26. Rae1 {
Peretz,M (2355)-Greenfeld,A (2515) Israel 1990 0-1 (53)}) 12. Nxc8 Rxc8 13. c3
(13. Bf3 Qc7 14. Qe2 Bd6 15. Rfd1 Nd4 16. Nxd4 exd4 17. g3 Qxc2 18. Rd2 Qc7 19.
Rxd4 Bc5 20. Re4 Rcd8 21. Kg2 Qa5 22. Qc4 Rd2 23. Re2 Rxe2 24. Qxe2 Qb4 25. Rd1
b6 26. Rd7 Qa4 27. Rd2 a5 {
Schoewel,M (2232)-Roth,J (2138) Germany 2006 1/2-1/2 (74)}) 13... Qb6 14. Qc2
$146 (14. Bf3 a5 15. Rb1 Rfd8 16. Qe2 a4 17. Nd2 f6 18. Be4 Bf8 19. h4 Ne7 20.
h5 Nd5 21. g3 Qe6 22. Nf3 a3 23. c4 Nf4 24. Qe1 Qg4 25. Kh1 Nd3 26. Qe2 Qxh5+
27. Kg2 Nf4+ 28. gxf4 Qg4+ {Rumens,D-Velasco,E Muenchenstein/Basel 1959 1/2-1/2
}) 14... f5 15. Bc4+ (15. Rfd1 g6 $11) 15... Kh8 $15 16. Rad1 e4 17. Rd7 (17.
Rd5 g6 $15) 17... Bf6 (17... Bd8 18. Rf7 Rxf7 19. Bxf7 $19) 18. Rfd1 $2 (18.
Be2 Ne5 19. Rd5 Qe6 $15) 18... Ne5 (18... e3 $142 $5 19. Bd5 Be5 $17) 19. R7d6
$17 Qc7 20. Be6 $2 (20. Be2 Nd3 21. Bxd3 Qxd6 22. Bxe4 Qe7 23. Bxf5 Rcd8 $17)
20... Be7 (20... Rce8 $142 21. Bxf5 Be7 $19) 21. Rd7 $4 (21. R6d5 $142 Rce8 22.
Nd4 $17) 21... Nxd7 $19 22. Rxd7 Qe5 23. Rxe7 Rc6 (23... Qf6 $142 24. Rxb7 Qxe6
25. Rxa7 Rfd8 $19) 24. Rf7 $11 Rxf7 $4 (24... Rd8 $142 25. Bxf5 Qd5 $15) 25.
Bxf7 $18 Rh6 26. h3 (26. g3 $142 Qc7 27. Bd5 Rd6 $18) 26... f4 $4 (26... Qc7
$142 27. Bd5 Rd6 $16) 27. Qe2 (27. Nd4 Rf6 28. Bb3 e3 $18) 27... Qf5 {
Black prepares f3} 28. Qc4 f3 (28... Rc6 29. Nd4 Rxc4 30. Nxf5 Rc7 $18) 29. Qc7
g6 (29... g5 30. Qe7 Kg7 31. Be6+ Kg6 32. Bxf5+ Kxf5 33. Nd4+ Kg6 34. Qe6+ Kg7
35. Nf5+ Kf8 36. Qe7+ Kg8 37. Qg7#) 30. Qe7 (30. Qe7 Kg7 31. Be6+ Kh8 32. Bxf5
Kg8 33. Be6+ Kh8 34. Qf6#) 1-0

[Event "J K Gill Northgate Open"]
[Site "?"]
[Date "1973.06.02"]
[Round "2"]
[White "Stenning, D."]
[Black "Bailey, B."]
[Result "0-1"]
[WhiteElo "1616"]
[BlackElo "2058"]
[Annotator "Stockfish 14 (15s)"]
[PlyCount "64"]
[EventDate "1973.??.??"]

{C91: Closed Ruy Lopez: 7...d6 8 c3 0-0 9 d4} 1. e4 e5 2. Nf3 Nc6 3. Bb5 a6 4.
Ba4 Nf6 5. O-O Be7 6. Re1 b5 7. Bb3 d6 8. c3 O-O 9. d4 Bg4 10. d5 Na5 11. Bc2
Rc8 12. Nbd2 (12. Be3 c5 13. Nbd2 Qd7 14. a4 b4 15. c4 h6 16. b3 Nh7 17. Nf1
Ng5 18. Bxg5 hxg5 19. Ng3 g6 20. h3 Bxf3 21. Qxf3 Kg7 22. Bd1 f5 23. exf5 gxf5
24. Bc2 Kg6 25. Qh5+ Kg7 26. Qf3 Kg6 {Graf,D-Lena,M Vienna 2006 1/2-1/2 (45)})
12... c6 13. dxc6 Nxc6 14. Nf1 b4 $146 (14... Qc7 15. Bg5 Rfd8 16. Ne3 Bh5 17.
Bxf6 Bxf6 18. Nd5 Qb7 19. Nxf6+ gxf6 20. Qd3 Kh8 21. Nh4 Qd7 22. Nf5 Bg6 23.
Qh3 Ne7 24. Re3 d5 25. Rd1 Qe6 26. exd5 Nxd5 27. Rf3 Nf4 28. Rxf4 Rxd1+ 29.
Bxd1 {Batelkova,L-Skala,M Svetla nad Sazavou 1994 0-1}) 15. Bd2 bxc3 16. Bxc3
Qb6 17. Ne3 Rfd8 (17... Be6 $142 $5 $11) 18. Nxg4 $16 Nxg4 19. Qe2 d5 $4 (19...
Rc7 $142 $16) 20. exd5 $18 Nb4 (20... Bc5 21. dxc6 Bxf2+ 22. Kh1 Bxe1 23. Bxe1
Rxc6 $18) 21. Bb3 (21. Bf5 Nxf2 22. Kf1 (22. Qxf2 $6 Bc5 23. Bd4 exd4 $16)
22... Nxd5 23. Bxc8 Nxc3 24. bxc3 $18 (24. Qxf2 $2 Qb5+ 25. Re2 Nxe2 26. Qxe2
Qxe2+ (26... Rxc8 $6 27. Qxb5 axb5 28. Nxe5 $15) 27. Kxe2 Rxc8 28. Nxe5 Rc2+
29. Kf3 f6 $19)) 21... Nxf2 $16 22. Qxf2 $4 (22. Kf1 $142 Ng4 23. h3 $16) 22...
Bc5 $19 23. Nd4 exd4 (23... Nd3 $142 24. Qd2 Nxe1 (24... Bxd4+ $143 25. Bxd4
Qxd4+ 26. Re3 $19) (24... exd4 $6 25. Ba5 Qb5 26. Bxd8 Nxe1 27. Bh4 d3+ 28. Bf2
$11) 25. Rxe1 Bxd4+ (25... exd4 $6 26. Ba5 Qb5 27. Bxd8 Rxd8 28. Kh1 $17) 26.
Bxd4 exd4 $19 (26... Qxd4+ $6 27. Qxd4 exd4 28. Rd1 $19)) 24. Kh1 $4 (24. Bxb4
$142 Qxb4 25. Re4 $15) 24... dxc3 $19 25. Qe2 cxb2 26. Rab1 Bf2 27. Rf1 (27.
Red1 Bd4 28. h3 a5 29. Rxb2 Bxb2 30. Qxb2 Nxd5 $19) 27... Bd4 28. d6 Bf6 (28...
Qxd6 $142 29. h3 $19) 29. Rfe1 (29. a3 Nc6 30. Bxf7+ Kh8 31. Rfd1 $19) 29...
Qxd6 30. Red1 Qf4 (30... Qxd1+ 31. Rxd1 Rc1 32. g3 Rcxd1+ 33. Bxd1 b1=Q 34. Kg2
Qxd1 35. Qxd1 Rxd1 36. a3 Rd2+ 37. Kf3 Rd3+ 38. Kg2 Rxa3 39. Kf2 a5 40. g4 a4
41. h3 Bd4+ 42. Ke1 Ra2 43. g5 a3 44. h4 Rf2 45. g6 a2 46. gxf7+ Kxf7 47. h5
a1=Q#) 31. Re1 Rc1 32. Rexc1 bxc1=Q+ (32... bxc1=Q+ 33. Bd1 Qxb1 34. g3 Qxd1+
35. Qxd1 Rxd1+ 36. Kg2 Qf1#) 0-1

[Event "J K Gill Northgate Open"]
[Site "?"]
[Date "1973.06.02"]
[Round "3"]
[White "Bailey, B."]
[Black "Thomas, S."]
[Result "1-0"]
[WhiteElo "2058"]
[BlackElo "1899"]
[Annotator "Stockfish 14 (15s)"]
[PlyCount "89"]
[EventDate "1973.??.??"]

{B62: Sicilian: Richter-Rauzer: 6...e6: Unusual White 7th moves} 1. e4 c5 2.
Nf3 d6 3. d4 cxd4 4. Nxd4 Nf6 5. Nc3 Nc6 6. Bg5 e6 7. f4 Be7 8. Bb5 Bd7 9. Bxc6
bxc6 (9... Bxc6 10. Qd3 Qa5 11. O-O-O O-O 12. Kb1 Rfc8 13. g4 Be8 14. Bxf6 Bxf6
15. g5 Be7 16. h4 b5 17. h5 b4 18. Nce2 Qc5 19. g6 h6 20. f5 e5 21. gxf7+ Bxf7
22. Ne6 Qc4 23. b3 Qxd3 24. Rxd3 {
Nevostrujev,V (2481)-Anisimov,P (2476) Sochi 2005 1/2-1/2 (32)}) 10. O-O $146 (
10. Qd3 Rb8 11. O-O c5 12. Nb3 Qc7 13. Qg3 c4 14. Nd4 Qc5 15. Rad1 h6 16. Bh4
e5 17. fxe5 dxe5 18. Bxf6 gxf6 19. Nd5 Rb7 20. Qg7 Rf8 21. Rxf6 exd4 22. Rf2
Rxb2 23. Nxe7 Kxe7 24. Qf6+ Ke8 {
Wersching,F-Gaber,J (2190) Zalakaros 1997 0-1 (34)}) 10... O-O 11. Kh1 $2 (11.
e5 Nd5 12. Bxe7 Qxe7 $11) 11... Rb8 (11... h6 12. Bh4 Nxe4 13. Nxe4 Bxh4 14.
Nxd6 $17) 12. b3 (12. Nb3 $5 $11) 12... c5 $17 13. Nf3 Bc6 (13... h6 14. Bh4
Bc6 15. e5 $17) 14. Qe1 {White prepares the advance e5} (14. e5 $5 dxe5 15.
Qxd8 Rfxd8 16. fxe5 $11) 14... h6 $17 15. Bxf6 Bxf6 16. e5 Be7 17. exd6 Bxd6
18. Rd1 Qc7 19. Ne5 Bxe5 (19... Ba8 20. Qe3 $17) 20. fxe5 (20. Qxe5 Qxe5 21.
fxe5 c4 22. bxc4 Rb6 $15) 20... Rbd8 (20... Rb4 $5 21. h3 Rd4 $17) 21. Qe3 $15
Rxd1 22. Rxd1 Rd8 23. h3 Rxd1+ 24. Nxd1 Qa5 25. a4 $4 (25. Kh2 $142 $15) 25...
c4 $19 26. Nb2 $4 (26. Qd4 Qd5 27. Qxd5 exd5 28. Nb2 $19) 26... Qd5 (26... cxb3
27. cxb3 Qd5 28. Qg3 $19) 27. Qg3 (27. Qf3 cxb3 28. Qxd5 Bxd5 (28... exd5 $6
29. cxb3 Kf8 30. Kg1 $19) 29. cxb3 Bxb3 $19) 27... cxb3 28. cxb3 Qd2 (28... Qd4
$142 29. Nc4 Bxa4 $19) 29. Nc4 Qc1+ 30. Kh2 Bxa4 (30... Qc2 $142 31. Nd6 a6 $17
) 31. Nd6 $4 (31. Qf3 $142 Bb5 32. Nd6 $11) 31... Bc6 $19 32. Qf2 (32. b4 a6
33. Nc8 Bb5 $19) 32... Qg5 33. Nxf7 Qxg2+ (33... Qh5 $142 34. Nd6 Qxe5+ 35. Qg3
Qxg3+ 36. Kxg3 Kf8 $19) 34. Qxg2 $11 Bxg2 35. Nxh6+ gxh6 36. Kxg2 Kf7 37. Kf3
Kg6 38. Kg4 a5 39. h4 h5+ $4 (39... Kg7 $142 $11) 40. Kf4 Kh6 41. Ke3 Kg6 42.
Ke4 Kf7 43. Kd4 Kg6 (43... Ke8 44. Kc5 Kd7 45. Kb6 Kd8 46. Kc6 Ke7 47. Kc7 Kf8
48. Kd6 Ke8 49. Kxe6 Kd8 50. Kf7 Kd7 51. e6+ Kc6 52. e7 Kc5 53. e8=Q Kd4 54.
Kf6 a4 55. bxa4 Kc4 56. Qxh5 Kb4 57. a5 Ka4 58. a6 Kb3 59. a7 Kb2 60. a8=Q Kb3
61. Qd1+ Kb4 62. h5 Kb5 63. h6 Kb4 64. h7 Kb5 65. h8=Q Kb4 66. Qb7+ Ka3 67.
Qbb3#) 44. Kc5 Kf5 45. Kd6 (45. Kd6 Kf4 46. Kxe6 $18) 1-0